000 00592 a2200181 4500
001 131384
003 OSt
005 20210913112731.0
008
020 _a9780195683950
082 _a338.476751
_bS58T
100 1 _aSankar, U
245 1 _aTrade and environment : a study of India's leather exports
_cby U Sankar
260 _aNew Delhi
_bOxford university press
_c2007
300 _a299p.
690 _aIndia; Leather industry and trade; Commercial policy; Environmental policy; Leather industry and trade--Environmental aspects
942 _2ddc
_cBK
999 _c5877
_d5877